000 00388nam a2200145Ia 4500
008 240624s9999 xx 000 0 und d
041 _aeng
082 _a659.132 AIT
100 _aAITCHISON JIM
245 _aCUTTING EDGE ADVERTISING HOW TO CREATE T
250 _a(3rd ed.)
260 _c2008
_aSingapore
_bPearson Prentice Hall
300 _axix, : 451 : p. : cm. ; 22
365 _c
_b30
999 _c11417
_d11417